Lettres

I tiakina i:
Ngā taipitopito rārangi puna kōrero
Kaituhi matua: Plinio el Joven (Author)
Hōputu: Pukapuka
Reo:Wīwī
Rātini
I whakaputaina: París Les Belles Lettres 1967
Putanga:3a. ed
Rangatū:Collection des Universités de France
Ngā marau:
Ngā Tūtohu: Tāpirihia he Tūtohu
Kāore He Tūtohu, Me noho koe te mea tuatahi ki te tūtohu i tēnei pūkete!

MARC

LEADER 00000nam a2200000 a 4500
001 UCO5835
003 CL-VaPUC
008 000915e19670000FR |||||||||||||||||fre|d
041 0 7 |a fre  |2 CL-VaPUC 
041 0 7 |a lat  |2 CL-VaPUC 
082 0 4 |a 876  |b PLI  |2 21 
100 0 |a Plinio el Joven  |e author  |9 450639 
245 1 0 |a Lettres 
250 |a 3a. ed 
300 |a v 
942 |c BK 
945 |d 20000915 00:00:00  |a crobeson 
260 |a París  |b Les Belles Lettres  |c 1967 
500 |a v.1: Livres I-III 
500 |a v.2: Livres IV-VI 
500 |a v.3: Livres VII-IX 
500 |a v.4: Livre X, panégyrique de Trajan 
650 0 |a Cartas  |9 321777 
650 7 |a CORRESPONDENCIAS LATINAS  |2 CL-VaPUC  |9 413076 
650 0 |a Literatura latina   |9 258055 
583 |a last modification  |c 20000915 00:00:00  |k Rodrigo Vera 
490 0 |a Collection des Universités de France 
999 |c 291665  |d 291663 
952 |0 0  |1 0  |4 0  |6 876_000000000000000_PLI_1967  |7 0  |8 X  |9 341724  |a BIBART  |b BIBART  |d 2019-11-20  |h v.3  |i 1223755  |o 876 PLI 1967  |p 1223755  |r 2025-03-13  |w 2019-11-20  |y BK_X  |k ART